Health behavior: Theory, research, and practice (Record no. 393240)

MARC details
000 -LEADER
fixed length control field 00560 a2200217 4500
005 - DATE & TIME
control field 20260116155758.0
008 - FIXED-LENGTH DATA ELEMENTS--GENERAL INFORMATION
fixed length control field 260114b |||||||| |||| 00| 0 eng d
020 ## - ISBN
International Standard Book Number 9781394211302
Price $ 111.95
040 ## - CATALOGING SOURCE
Original cataloging agency VIVEKANANDA LIBRARY
082 ## - DDC NUMBER
Classification number 613
Book Number G459H(6)
100 ## - MAIN ENTRY--PERSONAL NAME
Personal name Glanz, Karen, ed.
245 ## - TITLE STATEMENT
Title Health behavior: Theory, research, and practice
250 ## - EDITION STATEMENT
Edition statement 6th
260 ## - PUBLICATION, DISTRIBUTION, ETC. (IMPRINT)
Name of publisher, distributor, etc John Wiley
Place of publication, distribution, etc Hoboken
Date of publication, distribution, etc 2024
300 ## - PHYSICAL DESCRIPTION
Pages xix, 316
650 ## - Subject
Subject Public Health
650 ## - Subject
Subject Health Behavior
700 ## - Added Entry Personal Name
Added Entry Personal Name Rimer, Barbara K
700 ## - Added Entry Personal Name
Added Entry Personal Name Viswanath, K
942 ## - ADDED ENTRY ELEMENTS (KOHA)
Koha item type Books
Holdings
Withdrawn status Lost status Source of classification or shelving scheme Damaged status Not for loan Location (home branch) Sublocation or collection (holding branch) Shelving location Date acquired Koha issues (times borrowed) Koha full call number Accession No. Koha date last seen Koha item type
    Dewey Decimal Classification     VIVEKANANDA LIBRARY VIVEKANANDA LIBRARY Vivekananda Library 08/10/2025   613 H349H(6) 443286 08/10/2025 Books
© Designed and Maintained by Vivekananda Library, MDU Rohtak